Football Jerseys #3 - Statistics

General Stats
  • This quiz has been taken 214 times
  • The average score is 8 of 9
Answer Stats
Picture Answer % Correct
Argentina
99%
Bayern Munich
98%
Spain
97%
Portugal
96%
AS Roma
95%
Juventus
93%
Everton
91%
Olympique Lyonnais
91%
Burnley
88%
No matching quizzes found
Score Distribution
Percent of People with Each Score
Percentile by Number Answered
Your Score History
You have not taken this quiz